| 000 | 00630nam a22001937a 4500 | ||
|---|---|---|---|
| 999 |
_c9494 _d9494 |
||
| 003 | AR-CdUCM | ||
| 008 | 190328b ||||| |||| 00| 0 spa d | ||
| 020 | _a978-607-618-036-5 | ||
| 040 |
_aMUNICIPALIDAD PROVINCIAL DEL CUSCO _cBIBLIOTECA MUNICIPAL DEL CUSCO |
||
| 082 |
_aSI-0083 / _bPLE / con |
||
| 100 |
_aPledger, Maurice _925658 |
||
| 245 |
_aEl conejo Billy : _blibro de calcomanías / |
||
| 260 |
_aMéxico : _bAdvanced Marketing, _c2013. |
||
| 300 |
_a72 páginas ; _bIlustraciones, calcomanías _c28 cm. |
||
| 650 |
_aLibro infantil _924758 |
||
| 650 |
_aMaterial didáctico _910701 |
||
| 942 |
_2ddc _cLIBROS |
||
| 945 | _aafb | ||